00401nam a2200157Ia 4500008004100000020000700041082001500048100002200063245002600085250000700111260005200118300002000170500000700190600003300197650001300230240925s9999 xx 000 0 und d aNA a297.87 MAN aManeh , Al Johani 0aIslam and World Peace aNA aRiyadh:bWorld Assembly of Muslim Youthc,1999. a0bNAfOriginal aNA aHumanities & Natural Science aReligion